01253agaaa2200277 45000010005000000030009000050050017000140070009000310080040000400400023000800410013001031000050001161300054001662450175002202500022003952600116004173000033005335080040005665110039006065200101006455380016007465460013007626500074007757000062008497000064009119603IT-RoPAU20220918181258.0d cvaizq50131s9999||||xx ||| | || ||und|| aIT-RoPAUcIT-RoPAU aITALIANO aCadeggianini GinogCodice regista SPICS: 8788 aLIBERE DIETRO LE MURA - DONNE IN STRETTA CLAUSURA aLIBERE DIETRO LE MURA - DONNE IN STRETTA CLAUSURAcDiretto da: Cadeggianini GinopLIBERE DIETRO LE MURA - DONNE IN STRETTA CLAUSURA (Rif. Codice opera principale : B9603) aEdizione Standard aPERUGIA (ITALIA)bVIOLA FILM / Distribuzione: ELLE DI CI VIDEOg"1991 (1° ed.: 1991 ; Ed. Lingua Orig.: 1991)" aVHSbsonoro, col.c30 minuti a"Montaggio: Cadeggianini Luitgar; " a"Clarisse; Di; Citta'; Del; Pieve" aLA VIDEOCASSETTA PRESENTA LA VITA DELLA COMUNITA' DELLE CLARISSE DI CITTA'DELLA PIEVE. A COLORI. aPAL, STEREO aITALIANO aVOCAZIONALEeTV-PROGRAMMI RELIGIOSI [VHS]xCodice MATERIA SPICS: 9963 aCadeggianini Gino e(regista)gCodice regista SPICS: 8788 aCadeggianini Gino e(soggetto)gCodice Soggetto SPICS: 8788